[Event "FIDE Grand Swiss 2019"]
[Site "Douglas"]
[Date "13.10.2019"]
[Round "4.25"]
[White "Najer, Evgeniy"]
[Black "Robson, Ray"]
[Result "1/2-1/2"]
[WhiteTitle "GM"]
[BlackTitle "GM"]
[WhiteElo "2635"]
[BlackElo "2670"]
[WhiteFideId "4118987"]
[BlackFideId "2023970"]
[EventDate "2019.10.10"]

1. d4 d5 2. c4 c6 3. Nf3 Nf6 4. e3 Bg4 5. h3 Bh5 6. Nc3 e6 7. g4 Bg6 8. Ne5 Nbd7
9. Nxg6 hxg6 10. Bd2 Bb4 11. cxd5 exd5 12. f3 Nf8 13. Qb3 Qe7 14. O-O-O Ne6 15.
Kb1 O-O-O 16. a3 Bd6 17. Na2 Kb8 18. Nb4 Ka8 19. Bg2 Nd7 20. Nd3 Nb6 21. Ba5 Bc7
22. Bb4 Bd6 23. Ba5 Bc7 24. Bb4 Bd6 25. Ba5 1/2-1/2

[Event "FIDE Grand Swiss 2019"]
[Site "Douglas"]
[Date "13.10.2019"]
[Round "4.26"]
[White "Kryvoruchko, Yuriy"]
[Black "Safarli, Eltaj"]
[Result "1-0"]
[WhiteTitle "GM"]
[BlackTitle "GM"]
[WhiteElo "2669"]
[BlackElo "2593"]
[WhiteFideId "14109182"]
[BlackFideId "13402129"]
[EventDate "2019.10.10"]

1. e4 e5 2. Nf3 Nc6 3. Bb5 a6 4. Ba4 Nf6 5. O-O Be7 6. Re1 d6 7. c3 Bg4 8. d3
Nd7 9. h3 Bxf3 10. Qxf3 O-O 11. Nd2 Nc5 12. Bc2 Bg5 13. Nf1 a5 14. Be3 a4 15. a3
g6 16. Rad1 h5 17. Bb1 Nb3 18. Ba2 Nca5 19. d4 exd4 20. cxd4 c6 21. Nd2 Bxe3 22.
Qxe3 Nxd2 23. Rxd2 d5 24. Qd3 Re8 25. Rde2 dxe4 26. Rxe4 Rxe4 27. Rxe4 Nb3 28.
Bxb3 axb3 29. Qxb3 Qd7 30. Qb4 Rd8 31. Re7 Qxd4 32. Qxd4 Rxd4 33. Rxb7 Rd1+ 34.
Kh2 c5 35. Kg3 c4 36. Kf4 Ra1 37. g4 c3 38. bxc3 Rxa3 39. Rc7 hxg4 40. hxg4 Kg7
41. c4 g5+ 42. Ke4 Ra2 43. f3 Re2+ 44. Kd3 Rf2 45. Ke3 Rc2 46. Rc5 f6 47. Kd3
Rc1 48. Rf5 Kf7 49. Kd4 Ke6 50. Kc5 Rd1 51. Kb5 Rd8 52. c5 Rf8 53. Kb6 Rb8+ 54.
Kc7 Rb3 55. c6 Ke7 56. Kc8 Rb6 57. c7 Rb3 1-0

[Event "FIDE Grand Swiss 2019"]
[Site "Douglas"]
[Date "13.10.2019"]
[Round "4.27"]
[White "Saric, Ivan"]
[Black "Sadhwani, Raunak"]
[Result "1/2-1/2"]
[WhiteTitle "GM"]
[BlackTitle "IM"]
[WhiteElo "2667"]
[BlackElo "2479"]
[WhiteFideId "14508150"]
[BlackFideId "35093487"]
[EventDate "2019.10.10"]

1. e4 c6 2. d4 d5 3. e5 Bf5 4. h4 h5 5. Bd3 Bxd3 6. Qxd3 e6 7. Bg5 Be7 8. Nf3
Nh6 9. Nc3 Nf5 10. Ne2 c5 11. dxc5 Qa5+ 12. c3 Qxc5 13. Ned4 Nxd4 14. cxd4 Qa5+
15. Ke2 Qa6 16. Qxa6 Nxa6 17. Rac1 Kd7 18. Bxe7 Kxe7 19. Rc3 Rac8 20. Rhc1 Rxc3
21. Rxc3 Rd8 22. Ng5 f6 23. Nh3 Nb8 24. exf6+ Kxf6 25. Rf3+ Ke7 26. Nf4 Nc6 27.
Ke3 Kd6 28. Ng6 Ne7 29. Nxe7 Kxe7 30. Rg3 Kf6 31. Rf3+ Ke7 32. Kd2 Rc8 33. Ra3
a6 34. Rb3 Rc7 35. Rb6 Kf6 36. g3 Kf5 37. Kd3 Rd7 38. a4 Rf7 39. Ke3 Rc7 40. a5
Kf6 41. Kd3 Rd7 42. b4 Kf5 43. f3 Rc7 44. Kd2 Rd7 45. Kd3 Rc7 46. b5 axb5 47.
Rxb5 g5 48. Rc5 Rg7 49. Rc8 gxh4 50. gxh4 Kf4 51. Rh8 Kxf3 52. Rxh5 Rg3 53. Re5
Kg4+ 54. Kc2 Kxh4 55. Rxe6 1/2-1/2

[Event "FIDE Grand Swiss 2019"]
[Site "Douglas"]
[Date "13.10.2019"]
[Round "4.28"]
[White "Munguntuul, Batkhuyag"]
[Black "Shirov, Alexei"]
[Result "0-1"]
[WhiteTitle "IM"]
[BlackTitle "GM"]
[WhiteElo "2421"]
[BlackElo "2664"]
[WhiteFideId "4900758"]
[BlackFideId "2209390"]
[EventDate "2019.10.10"]

1. e4 c5 2. Nf3 d6 3. d4 cxd4 4. Nxd4 Nf6 5. Nc3 a6 6. Be2 e5 7. Nf3 Be7 8. Bg5
Nbd7 9. a4 h6 10. Be3 Ng4 11. Bc1 Ngf6 12. Be3 Ng4 13. Bc1 O-O 14. Nd2 Ngf6 15.
Nc4 Nc5 16. Bf3 b5 17. axb5 Be6 18. Nd2 axb5 19. Rxa8 Qxa8 20. Nxb5 Ncxe4 21.
O-O Qb8 22. Nxe4 Nxe4 23. Qe2 d5 24. Bxe4 dxe4 25. c4 f5 26. Rd1 Qb7 27. b3 f4
28. Bb2 f3 29. gxf3 Rxf3 30. Bxe5 Bg4 31. Re1 e3 32. Bd4 Bb4 33. fxe3 Bxe1 34.
Qxe1 Bh3 0-1

[Event "FIDE Grand Swiss 2019"]
[Site "Douglas"]
[Date "13.10.2019"]
[Round "4.29"]
[White "Eljanov, Pavel"]
[Black "Keymer, Vincent"]
[Result "1/2-1/2"]
[WhiteTitle "GM"]
[BlackTitle "IM"]
[WhiteElo "2663"]
[BlackElo "2506"]
[WhiteFideId "14102951"]
[BlackFideId "12940690"]
[EventDate "2019.10.10"]

1. d4 Nf6 2. c4 e6 3. Nf3 d5 4. Nc3 c5 5. cxd5 Nxd5 6. e4 Nxc3 7. bxc3 cxd4 8.
cxd4 Bb4+ 9. Bd2 Bxd2+ 10. Qxd2 O-O 11. Bc4 Nd7 12. O-O b6 13. Rfe1 Bb7 14. Rad1
Rc8 15. Bb3 h6 16. Re3 Nf6 17. d5 exd5 18. exd5 Qd6 19. Nh4 Rfe8 20. Nf5 Qd7 21.
Rf3 Bxd5 22. Bxd5 Rc5 23. Nxh6+ Kf8 24. Qb4 a5 25. Qb1 Rxd5 26. Rf1 Qb5 27. h3
Qxb1 28. Rxb1 Re6 29. Nf5 g6 30. Ne3 Rd4 31. Rc1 Nd7 32. Rc8+ Re8 33. Rc7 b5 1/2-1/2

[Event "FIDE Grand Swiss 2019"]
[Site "Douglas"]
[Date "13.10.2019"]
[Round "4.38"]
[White "Ragger, Markus"]
[Black "Vovk, Andriy"]
[Result "1-0"]
[WhiteTitle "GM"]
[BlackTitle "GM"]
[WhiteElo "2684"]
[BlackElo "2618"]
[WhiteFideId "1610856"]
[BlackFideId "14114470"]
[EventDate "2019.10.10"]

1. d4 Nf6 2. c4 e6 3. Nf3 b6 4. g3 Bb7 5. Bg2 Be7 6. O-O O-O 7. Re1 d5 8. cxd5
exd5 9. Nc3 Ne4 10. Nd2 f5 11. Ndxe4 dxe4 12. Bf4 a6 13. h4 Bd6 14. Bxd6 Qxd6
15. e3 Nd7 16. Rc1 Nf6 17. Bf1 g6 18. Ne2 Nd5 19. Nf4 Nxf4 20. gxf4 Kg7 21. Kg2
h6 22. Bc4 Qe7 23. Kh3 g5 24. Rg1 g4+ 25. Kg3 Rac8 26. Qb3 Rf6 27. Rgd1 Kg6 28.
Bd5 c6 29. Bc4 b5 30. Be2 Rd8 31. Rc5 Rd5 32. Qc3 Rfd6 33. b4 Qd8 34. Rc1 Qf6
35. Rh1 Kh5 36. Bd1 Rxc5 37. Qxc5 Rd5 38. Qa7 Rd7 39. Bb3 Qe7 40. Qb8 Kg6 41.
h5+ Kf6 42. Qg8 1-0

[Event "FIDE Grand Swiss 2019"]
[Site "Douglas"]
[Date "13.10.2019"]
[Round "4.39"]
[White "Durarbayli, Vasif"]
[Black "Rodshtein, Maxim"]
[Result "1/2-1/2"]
[WhiteTitle "GM"]
[BlackTitle "GM"]
[WhiteElo "2617"]
[BlackElo "2684"]
[WhiteFideId "13402935"]
[BlackFideId "2806851"]
[EventDate "2019.10.10"]

1. e4 e5 2. Nf3 Nc6 3. Bb5 Nf6 4. d3 Bc5 5. c3 O-O 6. O-O Re8 7. Nbd2 a6 8. Bxc6
dxc6 9. Nc4 Bg4 10. h3 Bxf3 11. Qxf3 Nd7 12. Qg3 Re6 13. b4 b5 14. Ne3 Bf8 15.
Ng4 Rg6 16. f4 exf4 17. Qxf4 Qe8 18. d4 Nf6 19. Nf2 Nd7 20. a4 Nb6 21. axb5 cxb5
22. Ng4 Nc4 23. Ra2 c6 24. Qf3 Qe6 25. Raf2 Ra7 26. Qd3 Re7 27. Rf4 Qd7 28. Qf3
Rge6 29. e5 Rg6 30. h4 Qd5 31. h5 Qxf3 32. R1xf3 Rge6 33. Nf6+ gxf6 34. Rg4+ Kh8
35. Rfg3 h6 36. Rg8+ Kh7 37. Rxf8 fxe5 38. Rgg8 f5 39. Rh8+ Kg7 40. Rfg8+ Kf7
41. Rf8+ Kg7 42. Kf2 f4 43. Rhg8+ Kh7 44. Rh8+ Kg7 45. Rhg8+ Kh7 46. dxe5 Nxe5
47. Rh8+ Kg7 48. Rhg8+ Kh7 49. Rh8+ Kg7 50. Rfg8+ Kf7 51. Bxf4 Nd3+ 52. Kg3 Nxf4
53. Kxf4 Re3 54. Rf8+ Kg7 55. Rhg8+ Kh7 56. Rh8+ 1/2-1/2

[Event "FIDE Grand Swiss 2019"]
[Site "Douglas"]
[Date "13.10.2019"]
[Round "4.40"]
[White "Ponomariov, Ruslan"]
[Black "Jobava, Baadur"]
[Result "1-0"]
[WhiteTitle "GM"]
[BlackTitle "GM"]
[WhiteElo "2675"]
[BlackElo "2617"]
[WhiteFideId "14103320"]
[BlackFideId "13601520"]
[EventDate "2019.10.10"]

1. e4 c6 2. d4 d5 3. Nc3 dxe4 4. Nxe4 Bf5 5. Ng3 Bg6 6. h4 h6 7. Nf3 Nd7 8. h5
Bh7 9. Bd3 Bxd3 10. Qxd3 e6 11. Bd2 Ngf6 12. O-O-O Be7 13. Kb1 Qb6 14. Ne5 Rd8
15. Qe2 O-O 16. Ng6 Ba3 17. Bc1 Rfe8 18. Rd3 Bxb2 19. Bxb2 fxg6 20. hxg6 Qb5 21.
Nh5 a5 22. Ka1 a4 23. Bc1 a3 24. g4 e5 25. g5 Nd5 26. Qf3 Re7 27. Rb3 Qc4 28.
gxh6 gxh6 29. Bxa3 c5 30. Ng3 e4 31. Qh5 Qxd4+ 32. Bb2 Qd2 1-0

[Event "FIDE Grand Swiss 2019"]
[Site "Douglas"]
[Date "13.10.2019"]
[Round "4.43"]
[White "Deac, Bogdan-Daniel"]
[Black "Berkes, Ferenc"]
[Result "1-0"]
[WhiteTitle "GM"]
[BlackTitle "GM"]
[WhiteElo "2613"]
[BlackElo "2667"]
[WhiteFideId "1226380"]
[BlackFideId "718572"]
[EventDate "2019.10.10"]

1. d4 d5 2. c4 e6 3. Nc3 Be7 4. Nf3 Nf6 5. g3 O-O 6. Bg2 dxc4 7. Ne5 c5 8. dxc5
Qxd1+ 9. Nxd1 Bxc5 10. O-O Nc6 11. Bxc6 bxc6 12. Be3 Bb6 13. Bxb6 axb6 14. Nc3
Bd7 15. Rfd1 Rfd8 16. Nxc4 b5 17. Nd6 Kf8 18. Nb7 Rdb8 19. Nc5 Be8 20. f3 Ke7
21. Kf2 Nd5 22. N3e4 h6 23. Nd3 Nb6 24. Rdc1 Rc8 25. Rc2 f6 26. Nec5 e5 27. a3
Bg6 28. e4 Be8 29. h4 Rd8 30. b3 Rd4 31. Ke3 Rdd8 32. Nb4 Rd4 33. Ncd3 Rd6 34.
Rc3 Ra7 35. Rc2 Kd8 36. Nc5 Ke7 37. f4 exf4+ 38. gxf4 Rd8 39. f5 Kf7 40. Ne6
Rda8 41. Nxc6 Rxa3 42. Rxa3 Rxa3 43. Ncd4 Ra7 44. Rc7+ Rxc7 45. Nxc7 Bd7 46.
Ndxb5 g5 47. hxg5 hxg5 48. Nd6+ Ke7 49. Nc4 Nxc4+ 50. bxc4 Kd6 51. Nd5 Ke5 52.
Ne7 Kd6 53. Ng8 Ke5 54. Nh6 Kd6 55. Kd4 Ba4 56. Ng8 g4 57. Nxf6 g3 58. e5+ Kc6
59. Ke3 Bc2 60. Nd5 1-0

[Event "FIDE Grand Swiss 2019"]
[Site "Douglas"]
[Date "13.10.2019"]
[Round "4.44"]
[White "Oparin, Grigoriy"]
[Black "Efimenko, Zahar"]
[Result "1/2-1/2"]
[WhiteTitle "GM"]
[BlackTitle "GM"]
[WhiteElo "2654"]
[BlackElo "2604"]
[WhiteFideId "24125890"]
[BlackFideId "14107201"]
[EventDate "2019.10.10"]

1. Nf3 Nf6 2. c4 c5 3. Nc3 d5 4. cxd5 Nxd5 5. e3 Nxc3 6. dxc3 Qc7 7. e4 Nc6 8.
Qd5 e6 9. Qg5 f6 10. Qh5+ Qf7 11. Qxf7+ Kxf7 12. Be3 e5 13. Bc4+ Be6 14. Bxe6+
Kxe6 15. O-O-O Be7 16. Rd5 b6 17. Rhd1 Rad8 18. Kc2 Na5 19. Rxd8 Rxd8 20. Rxd8
Bxd8 21. Nd2 c4 22. b4 cxb3+ 23. axb3 Nc6 24. b4 b5 25. Nb3 a5 26. bxa5 Nxa5 27.
Nxa5 Bxa5 28. Bc5 h5 29. f3 g6 30. Kd3 f5 31. h3 1/2-1/2

[Event "FIDE Grand Swiss 2019"]
[Site "Douglas"]
[Date "13.10.2019"]
[Round "4.52"]
[White "Inarkiev, Ernesto"]
[Black "Christiansen, Johan-Sebastian"]
[Result "1/2-1/2"]
[WhiteTitle "GM"]
[BlackTitle "GM"]
[WhiteElo "2693"]
[BlackElo "2558"]
[WhiteFideId "4162722"]
[BlackFideId "1512668"]
[EventDate "2019.10.10"]

1. d4 Nf6 2. Nf3 g6 3. Bf4 Bg7 4. e3 c5 5. Nbd2 d6 6. h3 O-O 7. Be2 Nc6 8. c3
cxd4 9. exd4 Nd5 10. Bh2 e5 11. O-O Re8 12. Nc4 Nf4 13. dxe5 dxe5 14. Bxf4 exf4
15. Re1 Qf6 16. Qb3 Rb8 17. Rad1 Be6 18. Qb5 a6 19. Qc5 Bf8 20. Qg5 Be7 21. Qxf6
Bxf6 22. Nd6 Red8 23. Bc4 Bxc4 24. Nxc4 b5 25. Rxd8+ Rxd8 26. Ncd2 b4 27. Ne4
Bg7 28. cxb4 Bxb2 29. Rb1 Ba3 30. b5 axb5 31. Rxb5 Ra8 32. Nf6+ Kg7 33. Nd5 Bf8
34. Rb7 Rxa2 35. Ng5 Nd8 36. Rd7 h6 37. Nf3 Nc6 38. Nxf4 Ra1+ 39. Kh2 Ra7 40.
Ne6+ Kg8 41. Nxf8 1/2-1/2

[Event "FIDE Grand Swiss 2019"]
[Site "Douglas"]
[Date "13.10.2019"]
[Round "4.53"]
[White "Harika, Dronavalli"]
[Black "Grandelius, Nils"]
[Result "1/2-1/2"]
[WhiteTitle "GM"]
[BlackTitle "GM"]
[WhiteElo "2495"]
[BlackElo "2691"]
[WhiteFideId "5015197"]
[BlackFideId "1710400"]
[EventDate "2019.10.10"]

1. e4 c5 2. Nf3 d6 3. Bb5+ Bd7 4. Bxd7+ Qxd7 5. c4 Nf6 6. Nc3 g6 7. d4 cxd4 8.
Nxd4 Bg7 9. f3 O-O 10. Be3 Nc6 11. O-O a6 12. a4 e6 13. Rc1 Rfd8 14. b3 Rac8 15.
Qd2 Ne5 16. h3 Qe7 17. Rfd1 Qf8 18. Nde2 Nc6 19. Bf4 Ne8 20. Be3 Nf6 21. Bf4 Ne8
22. Be3 Nf6 1/2-1/2

[Event "FIDE Grand Swiss 2019"]
[Site "Douglas"]
[Date "13.10.2019"]
[Round "4.54"]
[White "Jones, Gawain C B"]
[Black "Gukesh, D"]
[Result "1/2-1/2"]
[WhiteTitle "GM"]
[BlackTitle "GM"]
[WhiteElo "2688"]
[BlackElo "2520"]
[WhiteFideId "409561"]
[BlackFideId "46616543"]
[EventDate "2019.10.10"]

1. e4 c5 2. Nf3 Nc6 3. Bb5 g6 4. O-O Bg7 5. c3 Nf6 6. Re1 O-O 7. d4 d5 8. e5 Ne4
9. Be3 Qb6 10. Bxc6 bxc6 11. Qc1 cxd4 12. cxd4 Bf5 13. Nc3 Nxc3 14. Qxc3 a5 15.
Rec1 Rfb8 16. b3 a4 17. Nd2 axb3 18. axb3 Bf8 19. h3 Bd7 20. Ra4 Ra6 21. Rca1
Rba8 22. Nf3 Qb5 23. Qc2 Bf5 24. Qa2 Bd3 25. e6 f6 26. Bd2 Qb7 27. Qa3 Bb5 28.
Qb4 Qc8 29. Rxa6 Rxa6 30. Re1 Bd3 31. Nh4 g5 32. Qc3 Be4 33. f3 gxh4 34. fxe4
Qxe6 35. e5 Ra2 36. Qb4 Qf5 37. exf6 1/2-1/2

[Event "FIDE Grand Swiss 2019"]
[Site "Douglas"]
[Date "13.10.2019"]
[Round "4.56"]
[White "Kashlinskaya, Alina"]
[Black "Nabaty, Tamir"]
[Result "0-1"]
[WhiteTitle "IM"]
[BlackTitle "GM"]
[WhiteElo "2481"]
[BlackElo "2658"]
[WhiteFideId "4198026"]
[BlackFideId "2809052"]
[EventDate "2019.10.10"]

1. d4 g6 2. e4 Bg7 3. Nf3 e6 4. Nc3 Ne7 5. h4 h6 6. Be3 d5 7. Qd2 dxe4 8. Nxe4
b6 9. O-O-O Bb7 10. Bb5+ Nbc6 11. Kb1 a6 12. Bd3 Nf5 13. c3 Nxe3 14. Qxe3 Qe7
15. Rhe1 O-O-O 16. Qe2 Nb8 17. Ng3 h5 18. Ne4 c5 19. Neg5 Rd7 20. dxc5 Qxc5 21.
Nxf7 Rxf7 22. Qxe6+ Rd7 23. Bxg6 Bd5 24. Qh3 Kb7 25. Bf5 Rdd8 26. Ng5 Nc6 27.
Be6 Qxf2 28. Bxd5 Rxd5 29. Ne4 Rxd1+ 30. Rxd1 Qf4 31. Rd7+ Kb8 32. Qe6 Rc8 33.
a3 Be5 34. Qd5 Rc7 35. Rxc7 Kxc7 36. Ng5 Nd8 37. Ka2 Bd6 38. Ne4 Qf7 39. Qxf7+
Nxf7 40. Nf6 Be5 41. Nxh5 Nh6 42. g3 Nf5 43. a4 Kd6 44. Kb3 Nxg3 45. Nxg3 Bxg3
46. h5 Bf4 47. Kc4 Bc1 48. b4 Kc6 49. Kd4 Bh6 50. Kc4 b5+ 51. Kd4 Bg7+ 52. Kd3
Kd5 53. c4+ bxc4+ 54. Kc2 Kd4 55. Kd2 Bf8 56. b5 axb5 57. axb5 Ke5 0-1

[Event "FIDE Grand Swiss 2019"]
[Site "Douglas"]
[Date "13.10.2019"]
[Round "4.63"]
[White "Sethuraman, S.P."]
[Black "Clarke, Brandon G I"]
[Result "1-0"]
[WhiteTitle "GM"]
[BlackTitle "IM"]
[WhiteElo "2624"]
[BlackElo "2445"]
[WhiteFideId "5021596"]
[BlackFideId "400319"]
[EventDate "2019.10.10"]

1. e4 c5 2. Nf3 d6 3. Bb5+ Nd7 4. Ba4 Nf6 5. O-O a6 6. c4 g6 7. Nc3 Bg7 8. d4
cxd4 9. Nxd4 O-O 10. h3 Nc5 11. Bc2 Ne6 12. Be3 Nxd4 13. Bxd4 Be6 14. Bd3 Nd7
15. Bxg7 Kxg7 16. b3 Qa5 17. Rc1 Rfc8 18. Qd2 f6 19. Qb2 Qe5 20. Kh1 g5 21. Qd2
Nc5 22. Bb1 b5 23. Nd5 bxc4 24. Rxc4 a5 25. Re1 Kf7 26. Bc2 Ra6 27. Bd1 Bd7 28.
g3 Bc6 29. Kh2 e6 30. Nc3 g4 31. Bxg4 Qg5 32. f4 Qg8 33. Qxd6 Bd5 34. Bh5+ 1-0

[Event "FIDE Grand Swiss 2019"]
[Site "Douglas"]
[Date "13.10.2019"]
[Round "4.66"]
[White "Gavrilescu, David"]
[Black "Lu, Shanglei"]
[Result "0-1"]
[WhiteTitle "IM"]
[BlackTitle "GM"]
[WhiteElo "2451"]
[BlackElo "2602"]
[WhiteFideId "1227190"]
[BlackFideId "8603332"]
[EventDate "2019.10.10"]

1. e4 c5 2. Nf3 d6 3. Bb5+ Nd7 4. c3 Nf6 5. Bd3 a6 6. Bc2 b5 7. d4 e5 8. d5 Nb6
9. O-O g6 10. Qe2 Bd7 11. b3 Bg7 12. a4 O-O 13. Bd2 bxa4 14. bxa4 Qe8 15. a5 Bb5
16. Bd3 Bxd3 17. Qxd3 Nbxd5 18. Re1 Qb8 19. exd5 e4 20. Rxe4 Nxe4 21. Qxe4 Qb2
22. Qa4 Rab8 23. Be1 Rb5 24. h4 Re8 25. Nbd2 Bxc3 26. Rb1 Rxe1+ 27. Rxe1 Bxd2
28. Re8+ Kg7 29. Re7 Qf6 30. Qe4 Rb4 31. Qe2 Rb1+ 32. Kh2 Bf4+ 33. g3 Rb2 34.
Qe1 Be5 0-1

[Event "FIDE Grand Swiss 2019"]
[Site "Douglas"]
[Date "13.10.2019"]
[Round "4.70"]
[White "Rakotomaharo, Fy Antenaina"]
[Black "Movsesian, Sergei"]
[Result "1-0"]
[WhiteTitle "IM"]
[BlackTitle "GM"]
[WhiteElo "2428"]
[BlackElo "2654"]
[WhiteFideId "13100050"]
[BlackFideId "310204"]
[EventDate "2019.10.10"]

1. e4 c5 2. Nf3 e6 3. d4 cxd4 4. Nxd4 Nc6 5. Nc3 a6 6. Nxc6 bxc6 7. e5 Qc7 8.
Qe2 Rb8 9. g3 Ne7 10. Ne4 Nf5 11. c3 c5 12. Bg2 Bb7 13. O-O Bc6 14. Re1 Qb6 15.
Bf4 Be7 16. b3 O-O 17. Qh5 Rbd8 18. Rad1 f6 19. exf6 Bxf6 20. Nxf6+ gxf6 21. Bh3
Ng7 22. Qg4 Rf7 23. Rd6 Kh8 24. Qd1 Ne8 25. Rd2 e5 26. Qh5 Re7 27. c4 d6 28. Bh6
Ba8 29. Qh4 Qb7 30. Rd5 Qb4 31. Bd2 Qa3 32. Qh6 Kg8 33. Re4 Ng7 34. Qxf6 Rde8
35. Rg4 Qxa2 36. Bh6 1-0

[Event "FIDE Grand Swiss 2019"]
[Site "Douglas"]
[Date "14.10.2019"]
[Round "5.9"]
[White "Dreev, Aleksey"]
[Black "Gelfand, Boris"]
[Result "1/2-1/2"]
[WhiteTitle "GM"]
[BlackTitle "GM"]
[WhiteElo "2662"]
[BlackElo "2686"]
[WhiteFideId "4100107"]
[BlackFideId "2805677"]
[EventDate "2019.10.10"]

1. d4 Nf6 2. c4 e6 3. Nc3 Bb4 4. Qc2 O-O 5. a3 Bxc3+ 6. Qxc3 d5 7. Nf3 dxc4 8.
Qxc4 b6 9. Bg5 Bb7 10. Rd1 Nbd7 11. Ne5 h6 12. Bh4 c5 13. Nxd7 Qxd7 14. Bxf6
gxf6 15. dxc5 Qc7 16. h4 Rfd8 17. Rxd8+ Rxd8 18. Rh3 Rd5 19. Rg3+ Kf8 20. Rc3
Rxc5 21. Qb4 a5 22. Rxc5 bxc5 23. Qc3 Kg7 24. e3 Qb6 25. g3 Bd5 26. Be2 Bb3 27.
g4 e5 28. g5 hxg5 29. hxg5 fxg5 30. Qxe5+ f6 31. Qe7+ Kg8 32. Qe8+ Kg7 33. Qe7+
Kg8 34. Qe8+ Kg7 35. Qe7+ 1/2-1/2

[Event "FIDE Grand Swiss 2019"]
[Site "Douglas"]
[Date "14.10.2019"]
[Round "5.18"]
[White "Vidit, Santosh Gujrathi"]
[Black "Hovhannisyan, Robert"]
[Result "1/2-1/2"]
[WhiteTitle "GM"]
[BlackTitle "GM"]
[WhiteElo "2718"]
[BlackElo "2639"]
[WhiteFideId "5029465"]
[BlackFideId "13302507"]
[EventDate "2019.10.10"]

1. d4 d5 2. c4 c6 3. Nc3 Nf6 4. e3 e6 5. Nf3 Nbd7 6. Bd3 dxc4 7. Bxc4 b5 8. Bd3
Bd6 9. Qc2 Bb7 10. e4 e5 11. Bg5 O-O 12. O-O-O h6 13. Bh4 Re8 14. Kb1 a5 15.
dxe5 Nxe5 16. Nxe5 Bxe5 17. Bxb5 Qe7 18. Ba4 Bxc3 19. bxc3 g5 20. Bg3 Qxe4 21.
f3 Qxc2+ 22. Kxc2 Nd5 23. Bf2 Re2+ 24. Rd2 Rae8 25. Rd1 Rxf2 26. Rxf2 Ne3+ 27.
Kc1 Nxd1 28. Kxd1 Ba6 29. f4 Re4 30. Bxc6 Rc4 31. Bd5 Rxc3 32. Bb3 Rd3+ 33. Kc1
a4 34. Bxa4 Rd4 35. Bb3 gxf4 36. Kc2 Bb7 37. Kc3 Re4 38. Bc2 Re5 39. Rxf4 Bxg2
40. Bb3 Bd5 41. Rg4+ Kf8 42. Kd4 Bxb3 43. Kxe5 Bxa2 44. Kf6 Be6 45. Rh4 Kg8 46.
Rxh6 Bc4 47. Rh3 Be6 48. Rh4 Bb3 49. Rb4 Be6 50. Rb5 Kh7 51. Rh5+ Kg8 52. Ke7
Kg7 53. Rg5+ Kh6 54. Rg8 Kh7 55. Kf8 Bb3 56. Rg4 Be6 57. Rh4+ Kg6 58. Rh8 Bb3
59. Rh3 Be6 60. Rg3+ Kh7 61. Rg1 Kh8 62. Rg7 Bb3 63. Rg5 Kh7 64. Ke7 Be6 65. Kf6
Kh8 66. Ra5 Kh7 67. Ra8 Bd5 68. Rb8 Be6 69. Rb4 Kg8 70. Rb1 Kh7 71. Rc1 Kg8 72.
Rg1+ Kh7 73. Rg2 Kh8 74. Rg5 Kh7 75. Ke7 Kh6 76. Rg1 Kh7 77. Kf8 Bb3 78. Rg4 Be6
79. Rb4 Ba2 80. Rb5 Be6 81. h4 Bc4 82. Rh5+ Kg6 83. Rc5 Be6 84. Kg8 f5+ 85. Kf8
Kh5 86. Ke7 Bg8 87. Kf6 Kxh4 88. Kxf5 Kg3 89. Rc7 Bd5 90. Rc3+ Kf2 91. Ke5 Ba8
92. Kd4 Bg2 93. Rc2+ Kf3 94. Ke5 Kg3 95. Rc3+ Kg4 96. Rc8 Kf3 97. Rg8 Bh3 98.
Rf8+ Ke3 99. Ra8 Bg2 100. Ra3+ Ke2 101. Rb3 Bc6 102. Kd4 Bg2 103. Rb8 Kf3 104.
Rg8 Bf1 105. Rf8+ Ke2 106. Re8+ Kf3 107. Re3+ Kf4 108. Re1 Bg2 109. Kd3 Bb7 110.
Re7 Bg2 111. Kd4 Kf5 112. Rf7+ Ke6 113. Rg7 Bf3 1/2-1/2

[Event "FIDE Grand Swiss 2019"]
[Site "Douglas"]
[Date "14.10.2019"]
[Round "5.20"]
[White "Adhiban, Baskaran"]
[Black "Howell, David W L"]
[Result "1-0"]
[WhiteTitle "GM"]
[BlackTitle "GM"]
[WhiteElo "2639"]
[BlackElo "2694"]
[WhiteFideId "5018471"]
[BlackFideId "410608"]
[EventDate "2019.10.10"]

1. d4 Nf6 2. c4 e6 3. g3 Be7 4. Bg2 d5 5. Nf3 O-O 6. O-O dxc4 7. Qc2 a6 8. a4
Bd7 9. Rd1 Bc6 10. Bg5 b5 11. Bxf6 Bxf6 12. Nc3 bxa4 13. Nxa4 Ra7 14. Qxc4 Rb7
15. Qc2 Rb4 16. e3 Bxa4 17. Rxa4 Rxa4 18. Qxa4 Qd7 19. Qxd7 Nxd7 20. Rc1 Rc8 21.
Bf1 Nb8 22. Nd2 Kf8 23. Nb3 Be7 24. Ra1 Ke8 25. Ra5 Bb4 26. Ra4 Be7 27. Kg2 Kd7
28. Kf3 h5 29. h4 g6 30. Ra5 Rd8 31. Bc4 Ke8 32. Bxa6 Nxa6 33. Rxa6 Rb8 34. Na5
Bf6 35. Nc4 Rb4 36. Rc6 Kd7 37. Rc5 Bg7 38. Ke2 Ra4 39. Kf3 Rb4 40. Ke4 Rb3 41.
Ra5 Rb4 42. Kd3 Rb8 43. Kc3 Bf6 44. b4 Kc6 45. Ra6+ Kb5 46. Ra5+ Kc6 47. Nb2 Be7
48. Nd3 Bd6 49. Kc4 Rg8 50. f4 Rd8 51. e4 Kb6 52. Ra3 Kc6 53. b5+ Kb7 54. Ra6
Rd7 55. Nc1 Rd8 56. Nb3 Re8 57. Na5+ Kb8 58. b6 c6 59. Nxc6+ Kb7 60. Kb5 Rc8 61.
Ra7# 1-0

[Event "FIDE Grand Swiss 2019"]
[Site "Douglas"]
[Date "14.10.2019"]
[Round "5.21"]
[White "Akopian, Vladimir"]
[Black "Ragger, Markus"]
[Result "1-0"]
[WhiteTitle "GM"]
[BlackTitle "GM"]
[WhiteElo "2638"]
[BlackElo "2684"]
[WhiteFideId "13300032"]
[BlackFideId "1610856"]
[EventDate "2019.10.10"]

1. e4 e5 2. Nf3 Nc6 3. Bc4 Nf6 4. d3 Bc5 5. c3 d6 6. Bg5 h6 7. Bh4 a6 8. a4 Ba7
9. Nbd2 Qe7 10. O-O g5 11. Bg3 Nd7 12. Bd5 Nf8 13. Nc4 Ng6 14. Ne3 Qf6 15. d4 h5
16. Bxc6+ bxc6 17. dxe5 dxe5 18. Nc4 g4 19. Bxe5 Qe6 20. Bxc7 Qd7 21. Qxd7+ Kxd7
22. Be5 gxf3 23. Rfd1+ Ke7 24. Bxh8 Be6 25. Ne5 Nxh8 26. Nxc6+ Kf6 27. Rd8 Rxd8
28. Nxd8 Bd7 29. b4 Ng6 30. gxf3 Ne5 31. Kg2 Nd3 32. Ra2 Ke7 33. Nb7 Be6 34. Ra1
Bxf2 35. Kf1 Bb6 36. Ke2 Ne5 37. Nc5 Bc4+ 38. Ke3 Nd7 39. Kd4 Be2 40. Ke3 Bc4
41. Kd4 Be6 42. f4 Kd6 43. f5 Bb3 44. a5 Ba7 45. c4 Ne5 46. Kc3 Bxc4 47. Rd1+
Kc6 48. Rd8 Bb5 49. Rh8 Bxc5 50. bxc5 Kxc5 51. Rxh5 Bc6 52. f6 Kd6 53. Kd4 Nf3+
54. Ke3 Ne5 55. Kd4 Nf3+ 56. Ke3 Ne5 57. Kf4 Nd3+ 58. Kf5 Bd7+ 59. Kg5 Ke6 60.
Kh6 Bc6 61. Kg7 Bxe4 62. Rh8 Bg6 63. Rc8 Nf4 64. Rc6+ Ke5 65. Rxa6 Nh5+ 66. Kh8
Nxf6 67. Ra8 Kd6 68. Rb8 Nd7 69. a6 Be4 70. a7 f5 71. Kg7 Nc5 72. a8=Q Bxa8 73.
Rxa8 f4 74. h4 Ke5 75. h5 f3 76. h6 f2 77. Ra1 Ne6+ 78. Kf7 Kf5 79. Rf1 Ng5+ 80.
Kg7 1-0